| 000 | 01486cam a2200373 i 4500 | ||
|---|---|---|---|
| 999 |
_c9542 _d9542 |
||
| 001 | 1255777575 | ||
| 003 | OCoLC | ||
| 005 | 20241126110714.0 | ||
| 008 | 210626s2022 iluab b 001 0 eng c | ||
| 010 | _a2021015192 | ||
| 020 |
_a9781433573804 _q(trade paperback) |
||
| 020 | _a1433573806 | ||
| 020 |
_z9781433573811 _q(pdf) |
||
| 020 |
_z9781433573828 _q(mobi) |
||
| 020 |
_z9781433573835 _q(epub) |
||
| 035 | _a(OCoLC)1255777575 | ||
| 040 |
_aLBSOR/DLC _beng _erda _cDLC _dOCLCO _dOCLCF |
||
| 042 | _apcc | ||
| 082 |
_a266 _bCLA |
||
| 092 |
_a266 _bC592M |
||
| 100 | 1 |
_aClark, Elliot, _eauthor _916610 |
|
| 245 | 1 | 0 |
_aMission affirmed : _brecovering the missionary motivation of Paul / _cElliot Clark |
| 264 | 1 |
_aWheaton, Illinois : _bCrossway, _c[2022] |
|
| 300 |
_a253 pages : _billustrations, maps ; _c22 cm |
||
| 504 | _aIncludes bibliographical references and indexes | ||
| 520 |
_a"Using the example of the apostle Paul, this book shows how God's approval on the last day is what guides the missionary ambition of declaring God's glory among the nations"-- _cProvided by publisher |
||
| 600 | 0 | 0 |
_aPaul, _cthe Apostle, Saint _91848 |
| 630 | 0 | 0 |
_aBible. _pEpistles of Paul _xTheology _92757 |
| 650 | 0 |
_aMission of the church _950 |
|
| 650 | 0 |
_aMissions _xBiblical teaching _9481 |
|
| 710 | 2 |
_aGospel Coalition _916611 |
|
| 776 | 0 | 8 |
_iOnline version: _aClark, Elliot. _tMission affirmed _dWheaton, Illinois : Crossway, [2022] _z9781433573811 _w(DLC) 2021015193 |
| 942 |
_2ddc _cBK |
||